Do currency unions deliver more economic integration than fixed exchange rates? Evidence from the Franc Zone and the ECCU (Record no. 66811)

000 -LEADER
fixed length control field 00592pab a2200193 454500
008 - FIXED-LENGTH DATA ELEMENTS--GENERAL INFORMATION
fixed length control field 180718b2005 xxu||||| |||| 00| 0 eng d
100 ## - MAIN ENTRY--PERSONAL NAME
Personal name Fielding, David
245 ## - TITLE STATEMENT
Title Do currency unions deliver more economic integration than fixed exchange rates? Evidence from the Franc Zone and the ECCU
260 ## - PUBLICATION, DISTRIBUTION, ETC.
Date of publication, distribution, etc. 2005
300 ## - PHYSICAL DESCRIPTION
Extent p.1051-070.
362 ## - DATES OF PUBLICATION AND/OR SEQUENTIAL DESIGNATION
Dates of publication and/or sequential designation Aug
650 ## - SUBJECT ADDED ENTRY--TOPICAL TERM
Topical term or geographic name entry element Exchange rates
650 ## - SUBJECT ADDED ENTRY--TOPICAL TERM
Topical term or geographic name entry element Economic integration
650 ## - SUBJECT ADDED ENTRY--TOPICAL TERM
Topical term or geographic name entry element Currencies
650 ## - SUBJECT ADDED ENTRY--TOPICAL TERM
Topical term or geographic name entry element International monetary systems
700 ## - ADDED ENTRY--PERSONAL NAME
Personal name Shields, Kalvinder
773 ## - HOST ITEM ENTRY
Main entry heading Journal of Development Studies
909 ## -
-- 66811
Holdings
Withdrawn status Lost status Damaged status Not for loan Permanent Location Current Location Date acquired Serial Enumeration / chronology Barcode Date last seen Price effective from Koha item type
        Indian Institute of Public Administration Indian Institute of Public Administration 2018-07-19 Volume no: 41, Issue no: 6 AR67267 2018-07-19 2018-07-19 Articles

Powered by Koha